00226nam a22000857a 4500041000800000080000700008100003400015245007000049650002100119 aeng a80 aКарамышева, Т. В. aИзуч. иностр. языков с помощью комп.. aTeaching English